000 00446pab a2200169 454500
008 180718b2008 xxu||||| |||| 00| 0 eng d
100 _aAhmad, Shakeel
245 _aFinances of central universities of Delhi: a comparative study
260 _c2008
300 _ap.10-20.
362 _a18 Aug
650 _aEducational finance - India - Delhi
650 _aEducational finance
773 _aUniversity News
908 _aN
909 _a79213
999 _c79213
_d79213